000 00295nam a2200109Ia 4500
008 190914s9999||||xx |||||||||||||| ||und||
100 _aDr.Sadaf Fatima
245 0 _aKhavateen kay urdu safir namo ka tehkeeki matala
260 _aKarachi
_bGhazanfar Academy
_c2002
300 _a738
942 _cBK
999 _c8588
_d8588